Martyr! (Record no. 4718)
[ view plain ]
| 000 -CABECERA | |
|---|---|
| campo de control de longitud fija | 00952cam a22001937i 4500 |
| 001 - NÚMERO DE CONTROL | |
| campo de control | Rebiun37592951 |
| 008 - DATOS DE LONGITUD FIJA--INFORMACIÓN GENERAL | |
| campo de control de longitud fija | 250224s2025 enk 000 f eng d |
| 020 ## - NÚMERO INTERNACIONAL ESTÁNDAR DEL LIBRO | |
| Número Internacional Estándar del Libro | 9781035026081 |
| 040 ## - FUENTE DE LA CATALOGACIÓN | |
| Centro/agencia transcriptor | tbs |
| 041 ## - CÓDIGO DE LENGUA | |
| Código de lengua del texto/banda sonora o título independiente | eng |
| 100 ## - ENTRADA PRINCIPAL--NOMBRE DE PERSONA | |
| Nombre de persona | Akbar, Kaveh |
| 9 (RLIN) | 25390 |
| Término indicativo de función/relación | author |
| 245 10 - MENCIÓN DE TÍTULO | |
| Título | Martyr! |
| Mención de responsabilidad, etc. | / Kaveh Akbar |
| 260 ## - PUBLICACIÓN, DISTRIBUCIÓN, ETC. | |
| Lugar de publicación, distribución, etc. | London : |
| Nombre del editor, distribuidor, etc. | Picador, |
| Fecha de publicación, distribución, etc. | 2025 |
| 300 ## - DESCRIPCIÓN FÍSICA | |
| Extensión | 331 pages ; |
| Dimensiones | 20cm. |
| 520 ## - SUMARIO, ETC. | |
| Sumario, etc. | Cyrus Shams has always been lost. He’s grown up tangled in the mysteries of his past – an uncle who rode through Iranian battlefields, a haunting work of art by an exiled painter, and his mother, whose plane was shot down over the Persian Gulf when he was just a baby. Now, newly sober and maybe in love, he’s headed for an encounter that will transform everything he thought he knew. Can a final revelation change the truth of Cyrus's life? |
| 650 #0 - PUNTO DE ACCESO ADICIONAL DE MATERIA--TÉRMINO DE MATERIA | |
| Término de materia o nombre geográfico como elemento de entrada | Iranian Americans |
| Subdivisión de forma | Fiction |
| 655 #0 - TÉRMINO DE INDIZACIÓN--GÉNERO/FORMA | |
| Datos o término principal de género/forma | Fiction of Black and Asian Interest. |
| 9 (RLIN) | 25392 |
| 942 ## - ELEMENTOS DE ENTRADA AGREGADA (KOHA) | |
| Fuente del sistema de clasificación o colocación | Clasificación de Library of Congress |
| Estado de retiro | Estado de pérdida | Fuente del sistema de clasificación o colocación | Estado dañado | No para préstamo | Biblioteca de origen | Biblioteca actual | Fecha de adquisición | Total de préstamos | Renovaciones totales | Signatura topográfica completa | Código de barras | Fecha visto por última vez | Fecha del último préstamo | Número de copia | Precio válido a partir de | Tipo de ítem Koha |
|---|---|---|---|---|---|---|---|---|---|---|---|---|---|---|---|---|
| Clasificación de Library of Congress | TBS Barcelona | TBS Barcelona | 12/06/2025 | 1 | 1 | P-EN AKB | B05855 | 10/11/2025 | 03/10/2025 | 1 | 12/06/2025 | Book |

